[Event "Budapest FS09 GM"]
[Site "Budapest"]
[Date "1993.??.??"]
[Round "12"]
[White "Unzicker, Ferdinand"]
[Black "Schwarz, Michael"]
[Result "1/2-1/2"]
[WhiteElo "2335"]
[BlackElo "2405"]

1.d4 Nf6 2.c4 e6 3.Nc3 Bb4 4.Nf3 c5 5.g3 Nc6 6.Bg2 Ne4 7.Bd2 Bxc3 8.Bxc3 Nxc3
9.bxc3 O-O 10.O-O d6 11.Qd3 Rb8 12.Nd2 Na5 13.f4 b6 14.Nb3 Ba6 15.Nxa5 bxa5
16.d5 Qe7 17.Rab1 e5 18.f5 f6 19.Rb3 a4 20.Ra3 Qd7 21.e4 Rfc8 22.Rc1 Rb2
23.Bf3 Rcb8 24.Bd1 Qc7 25.Rxa4  1/2-1/2

[Event "Cappelle op"]
[Site "Cappelle la Grande"]
[Date "1993.??.??"]
[Round "2"]
[White "Ghitescu, Theodor"]
[Black "Tsiganova, Monika"]
[Result "1-0"]
[WhiteElo "2420"]
[BlackElo "2275"]

1.d4 Nf6 2.c4 e6 3.Nc3 Bb4 4.Nf3 b6 5.Bg5 h6 6.Bh4 Bb7 7.e3 d6 8.Qa4+ Nc6
9.d5 b5 10.Qxb5 Rb8 11.dxc6 Ba8 12.Bxf6 gxf6 13.Qa4 f5 14.Qc2 Bxc6 15.a3 Ba5
16.O-O-O  1-0

[Event "Cappelle op"]
[Site "Cappelle la Grande"]
[Date "1993.??.??"]
[Round "4"]
[White "Zvjaginsev, Vadim"]
[Black "Cerisier, Philippe"]
[Result "1/2-1/2"]
[WhiteElo "2445"]
[BlackElo "2285"]

1.d4 Nf6 2.Nf3 e6 3.c4 Bb4+ 4.Nc3 d6 5.g3 O-O 6.Bg2 Bxc3+ 7.bxc3 Nc6 8.O-O Na5
9.Nd2 Rb8 10.c5 b6 11.Qa4 Bd7 12.Qa3 dxc5 13.dxc5 Bc6 14.Bxc6 Nxc6 15.Nf3 Qd5
16.Bf4 e5 17.c4 Qe6 18.Bg5 h6 19.Bxf6 Qxf6 20.Qe3 bxc5 21.Qxc5 Rb2 22.Qe3 Rd8
23.Rfe1 a5 24.a3 Nd4 25.Nxd4 exd4 26.Qd3 c5 27.Rab1 Rdb8 28.Rxb2 Rxb2 29.Rb1 Rxb1+
30.Qxb1 Qe6 31.Qd3 g6  1/2-1/2

[Event "JUG-chT"]
[Site "Cetinje"]
[Date "1993.??.??"]
[Round "?"]
[White "Milanovic, Danilo"]
[Black "Knezevic, Bojan"]
[Result "0-1"]
[WhiteElo "2325"]
[BlackElo "2290"]

1.d4 Nf6 2.c4 e6 3.Nc3 Bb4 4.Nf3 c5 5.e3 Nc6 6.Bd3 Bxc3+ 7.bxc3 d6 8.e4 e5
9.d5 Ne7 10.O-O h6 11.Nh4 g5 12.Qf3 Nfg8 13.Nf5 Bxf5 14.exf5 Nf6 15.Qh3 Kd7
16.g3 Kc7 17.f4 e4 18.Be2 g4 19.Bxg4 h5 20.Bd1 Qd7 21.Qh4 Qxf5 22.Be3 b5
23.Be2 bxc4 24.Bxc4 Nfxd5 25.Rfd1 Ng6 26.Rxd5 Nxh4 27.Rxf5 Nxf5 28.Bf2 f6
29.Bd5 e3 30.Be1 Rab8 31.Be6 Ne7 32.Kg2 d5 33.Kf3 f5 34.Rd1 c4  0-1

[Event "Chianciano Terme op"]
[Site "Chianciano Terme"]
[Date "1993.??.??"]
[Round "?"]
[White "Fabris, Alberto"]
[Black "Iotti, Pierluigi"]
[Result "1-0"]
[WhiteElo "2205"]
[BlackElo "2300"]

1.d4 Nf6 2.c4 e6 3.Nc3 Bb4 4.Nf3 c5 5.e3 Nc6 6.Bd3 O-O 7.O-O d5 8.a3 dxc4
9.Bxc4 Ba5 10.Qd3 a6 11.dxc5 Qxd3 12.Bxd3 Bxc3 13.bxc3 Nd7 14.a4 Nxc5 15.Bc2 Re8
16.Ba3 Nd7 17.Ng5 Nf6 18.Rfd1 Ne5 19.Ne4 Nd5 20.Nd6 Rd8 21.c4 Nf6 22.Rab1 Rb8
23.h3 Nc6 24.f4 Na5 25.Bb4 Nc6 26.Bc3 h6 27.Kf2 Kf8 28.e4 Ke7 29.e5 Ne8 30.Bb2 Nxd6
31.Ba3 Ra8 32.Bxd6+ Ke8 33.Be4 g6 34.g4 Ra7 35.h4 Ne7 36.a5 Nc6 37.Bc7 Rxd1
38.Rxd1 Bd7 39.h5 gxh5 40.gxh5 Ra8 41.Rg1 Ne7 42.Bxb7 Ra7 43.Rb1 Bc6 44.Bxc6+ Nxc6
45.Bb6 Rd7 46.Ke3 f6 47.exf6 Kf7 48.Rg1 Kxf6 49.Rg6+ Kf5 50.Rxh6 Nb4 51.Ke2 Na2
52.Be3 Nc3+ 53.Kf3 Ne4 54.Rh8 e5 55.fxe5 Rf7 56.Bf4 Nc5 57.h6 Ne6 58.Bh2 Ng5+
59.Ke3 Rc7 60.Rf8+ Kg6 61.Rf6+ Kh7 62.Kd3  1-0

[Event "Copenhagen op15"]
[Site "Copenhagen"]
[Date "1993.??.??"]
[Round "7"]
[White "Hoi, Carsten"]
[Black "Berg, Klaus"]
[Result "1/2-1/2"]
[WhiteElo "2415"]
[BlackElo "2395"]

1.d4 Nf6 2.Nf3 e6 3.c4 Bb4+ 4.Nc3 c5 5.e3 cxd4 6.exd4 d5 7.Bg5 O-O 8.cxd5 exd5
9.Be2 Qd6 10.Bxf6 Qxf6 11.O-O Bxc3 12.bxc3 Nc6 13.Qb3 Rd8 14.Rfe1 b6 15.Bb5 Bf5
16.Bxc6  1/2-1/2

[Event "Cuxhaven op"]
[Site "Cuxhaven"]
[Date "1993.??.??"]
[Round "8"]
[White "Vasilchenko, Oleg"]
[Black "Adamski, Andrzej"]
[Result "1/2-1/2"]
[WhiteElo "2425"]
[BlackElo "2310"]

1.d4 Nf6 2.Nf3 e6 3.c4 Bb4+ 4.Nc3 b6 5.g3 Bb7 6.Bg2 c5 7.dxc5 Ne4 8.O-O Nxc3
9.bxc3 Bxc5 10.Qd3 Bxf3 11.Qxf3 Nc6 12.Rd1 Rc8 13.Bf4 Na5 14.Rd3 d6 15.Qg4 O-O
16.Bg5 f5 17.Qh4 Qc7 18.Kf1 Nc6 19.Bxc6 Qxc6 20.Kg1 Rc7 21.Rad1 Qe4 22.Be3 Qxh4
23.gxh4 Ba3 24.c5 Bxc5 25.Bxc5 dxc5 26.Rd7 Rf7 27.Rd8+ Rf8 28.R8d7  1/2-1/2

[Event "CZE-chT"]
[Site "?"]
[Date "1993.??.??"]
[Round "?"]
[White "Cech, Pavel"]
[Black "Gola, Martin"]
[Result "1-0"]
[WhiteElo "2315"]
[BlackElo "2330"]

1.d4 Nf6 2.c4 e6 3.Nc3 Bb4 4.Nf3 c5 5.g3 cxd4 6.Nxd4 O-O 7.Bg2 d5 8.cxd5 Nxd5
9.Bd2 Nxc3 10.bxc3 Be7 11.O-O a6 12.Rb1 Qc7 13.Qb3 Nd7 14.Nxe6 fxe6 15.Qxe6+ Rf7
16.Bf4 Qd8 17.Rfd1 Qe8 18.Bd5 Nc5 19.Qe5 Kh8 20.Bxf7 Qxf7 21.Bg5 Bf8 22.Be3 Ne6
23.Rb6 Be7 24.Qd5 h6 25.c4 Kg8 26.c5 Nd8 27.Qe5 Be6 28.Rxd8+ Bxd8 29.Rxe6 Bf6
30.Qe4 Rd8 31.Kg2 Rc8 32.Rb6 Rc7 33.Re6 Be7 34.Re5 Bf6 35.Re8+ Qxe8 36.Qxe8+ Kh7
37.Qe4+ Kg8 38.Bd4 Be7 39.Qe5  1-0

[Event "Eger"]
[Site "Eger"]
[Date "1993.??.??"]
[Round "3"]
[White "Bali, Janos"]
[Black "Titz, Heimo"]
[Result "1/2-1/2"]
[WhiteElo "2235"]
[BlackElo "2290"]

1.d4 Nf6 2.c4 e6 3.Nc3 Bb4 4.Nf3 c5 5.g3 Ne4 6.Qc2 Qa5 7.Bd2 Nxd2 8.Qxd2 cxd4
9.Nxd4 Nc6 10.Nb3 Bxc3 11.bxc3 Qc7 12.c5 b6 13.Bg2 bxc5 14.Nxc5 d6 15.Qf4 Rb8
16.O-O O-O 17.Ne4 Ne5 18.Rfd1 d5 19.Nc5 Qxc5 20.Qxe5 Ba6 21.Rab1 Rbc8 22.Rb3 Bc4
23.Rb2 Qa3 24.Rdd2 Rc5 25.h4 Rb5 26.Rxb5 Qc1+ 27.Kh2 Bxb5 28.Rd4 Qe1 29.Rg4 g6
30.Qf6 Qxe2 31.Rg5 Bd3 32.h5 h6 33.Re5 Qd2 34.hxg6 fxg6 35.Qxe6+ Kg7 36.Rxd5 Qe2
37.Rd7+ Kh8 38.Qd6 Qh5+ 39.Bh3 Rxf2+ 40.Kg1 Qd1+ 41.Kxf2 Qd2+ 42.Kg1 Qd1+
43.Kh2 Qe2+  1/2-1/2

[Event "Eger op"]
[Site "Eger"]
[Date "1993.??.??"]
[Round "8"]
[White "Emodi, Barnabas"]
[Black "Lavrov, Andrey"]
[Result "0-1"]
[WhiteElo "2260"]
[BlackElo "2385"]

1.d4 Nf6 2.c4 e6 3.Nf3 Bb4+ 4.Nc3 O-O 5.Bg5 h6 6.Bh4 c5 7.e3 Nc6 8.d5 Bxc3+
9.bxc3 Na5 10.e4 d6 11.Bd3 e5 12.Nd2 Bd7 13.O-O b6 14.Qe2 Qe7 15.f4 exf4
16.Rxf4 g5 17.Raf1 Ne8 18.e5 dxe5 19.d6 Qe6 20.Bf5 Qxd6 21.Ne4 Qe7 22.Bh7+ Kg7
23.Rf6 Nxf6 24.Rxf6 Rh8 25.Rxh6 gxh4 26.Qh5 Bg4 27.Qxg4+ Kxh6 28.Qf5 Rxh7
29.Nf6 Rah8 30.g4 hxg3 31.hxg3 Kg7  0-1

[Event "BL2-S9293"]
[Site "Germany"]
[Date "1993.??.??"]
[Round "?"]
[White "Lorscheid, Gerhard"]
[Black "Roeder, Mathias"]
[Result "0-1"]
[WhiteElo "2305"]
[BlackElo "2405"]

1.d4 Nf6 2.c4 e6 3.Nc3 Bb4 4.Nf3 c5 5.Qb3 b6 6.a3 Bxc3+ 7.Qxc3 O-O 8.dxc5 bxc5
9.Bg5 Bb7 10.e3 a5 11.Bd3 d6 12.O-O Nbd7 13.Rfd1 Ra6 14.Nd2 Qa8 15.f3 h6
16.Bh4 a4 17.Bg3 Rb8 18.b4 axb3 19.Nxb3 Nh5 20.Be1 Bc6 21.Nd2 Ne5 22.Be4 Nf6
23.Bxc6 Qxc6 24.Bg3 Ned7 25.Rdb1 Rbb6 26.Rxb6 Nxb6 27.Bh4 Nfd7 28.e4 Ra4
29.Qb3 Qa8 30.Be7 Qa5 31.Ra2 Nxc4 32.Qd3 Nde5 33.Nxc4 Qe1+ 34.Qf1 Qxf1+ 35.Kxf1 Nxc4
36.e5 Nxe5 37.Bxd6 Nd7 38.Rb2 Ra6 39.Be7 Rxa3 40.Rb7 Rd3 41.Rc7 Rd5 42.Ke2 f6
43.Ke1 h5 44.Ke2 Kh7 45.Ke1 Kg6 46.Ke2 Kf5 47.g3 e5 48.Rc6 e4  0-1

[Event "Oberliga Nord O9293"]
[Site "Germany"]
[Date "1993.??.??"]
[Round "?"]
[White "Wunsch, Rainer"]
[Black "Thal, Olaf"]
[Result "1/2-1/2"]
[WhiteElo "2295"]
[BlackElo "2315"]

1.d4 Nf6 2.c4 e6 3.Nc3 Bb4 4.Nf3 O-O 5.Bg5 h6 6.Bh4 c5 7.e3 Qa5 8.Bxf6 Bxc3+
9.bxc3 Qxc3+ 10.Nd2 gxf6 11.Rc1 Qa5 12.Bd3 cxd4 13.exd4 Nc6 14.d5 Ne5 15.Bb1 exd5
16.cxd5 d6 17.O-O f5 18.Nb3 Qd8 19.Rc3 f4 20.Nd4 Qf6 21.Qc2 Ng6 22.Qd3 Re8
23.Rc7 Re7 24.Rfc1 Rxc7 25.Rxc7 Bg4 26.Bc2 Re8 27.h3 f3 28.Nxf3 Bxf3 29.Qxf3 Qxf3
30.gxf3 Nh4 31.Rxb7 Nxf3+ 32.Kf1 Rc8 33.Bb3 a5 34.Rb5 Nd2+ 35.Ke2 Nxb3 36.axb3 Rc3
37.f3 Kf8 38.Rxa5 Rxb3 39.Ra4 Rb5 40.Rd4 Rb3 41.Rg4 Rb5 42.Rd4 Rb3 43.Rg4  1/2-1/2

[Event "BL2-S9293"]
[Site "Germany"]
[Date "1993.??.??"]
[Round "?"]
[White "Neurohr, Stephan"]
[Black "Holzhaeuer, Mathias"]
[Result "1/2-1/2"]
[WhiteElo "2320"]
[BlackElo "2340"]

1.d4 Nf6 2.c4 e6 3.Nc3 Bb4 4.Nf3 c5 5.g3 Ne4 6.Qd3 cxd4 7.Nxd4 Qa5 8.Nb3 Qf5
9.Qe3 Nc6 10.Bg2 Nd6 11.c5 Nc4 12.Qe4 Qxe4 13.Bxe4 d5 14.cxd6 Bd7 15.O-O Bxd6
16.Nb5 Be5 17.Bf4 Ke7 18.Nc5 Bxf4 19.gxf4 a6 20.Rfd1 Rhd8 21.Nc3 Be8 22.Nxb7 Rdb8
23.b3 Rxb7 24.bxc4 Rc8 25.c5 f5 26.Bd3 Nb4 27.Rab1 Rxc5 28.a3  1/2-1/2

[Event "BL2-S9293"]
[Site "Germany"]
[Date "1993.??.??"]
[Round "?"]
[White "Neurohr, Stephan"]
[Black "Roeder, Mathias"]
[Result "1/2-1/2"]
[WhiteElo "2320"]
[BlackElo "2405"]

1.d4 Nf6 2.c4 e6 3.Nc3 Bb4 4.Nf3 c5 5.g3 Nc6 6.Bg2 Ne4 7.Bd2 Nxd2 8.Qxd2 cxd4
9.Nxd4 Ne5 10.Nc2 Be7 11.b3 O-O 12.O-O a6 13.Rad1 Qc7 14.Nd4 Rb8 15.Kh1 b6
16.f4 Nc6 17.e4 Nxd4 18.Qxd4 d6 19.Qe3 Bb7 20.Rd3 Bc6 21.Rfd1 Rfd8 22.a4 b5
23.cxb5 axb5 24.axb5 Bxb5 25.Nxb5 Rxb5 26.Rc3 Qb8 27.Bf1 Rc5  1/2-1/2

[Event "Bundesliga 9293"]
[Site "Germany"]
[Date "1993.??.??"]
[Round "?"]
[White "Wesseln, Kai"]
[Black "Schlosser, Philipp"]
[Result "1/2-1/2"]
[WhiteElo "2340"]
[BlackElo "2500"]

1.d4 Nf6 2.c4 e6 3.Nc3 Bb4 4.Nf3 c5 5.g3 O-O 6.Bg2 cxd4 7.Nxd4 d5 8.cxd5 Nxd5
9.Bd2 Nxc3 10.bxc3 Be7 11.Rb1 a6 12.O-O Qc7 13.Qc2 Nd7 14.c4 Nc5 15.Nb3 Rb8
16.Be3 b6 17.Rfd1 h6 18.Nxc5 Bxc5 19.Bxc5 Qxc5 20.Qa4 Qe7 21.Qb4 Qxb4 22.Rxb4 a5
23.Ra4 Ba6 24.e3 Rfc8 25.Bf1 Kf8 26.Rd7 Rb7 27.Rxb7 Bxb7 28.Ra3 Ba6 29.Rb3 Rc6
30.c5 Bxf1 31.Kxf1 Rxc5 32.Rxb6 Rc2 33.Ra6 Rxa2 34.h4 h5 35.Ra7 g6 36.Kg2 Kg7
37.Kf3 Kf6 38.Kg2 Ra3 39.Kf3 e5 40.Kg2 e4 41.Kg1 Ra1+ 42.Kg2 Ke6 43.Ra6+ Kf5
44.Ra7 f6 45.Ra8 Ra2 46.Ra7 Ke5 47.Ra6 Kf5 48.Ra8 Ra1 49.Ra7 g5 50.hxg5 Kxg5
51.Rg7+ Kf5 52.Ra7 a4 53.Ra5+ Kg6 54.Ra6 a3 55.Ra4 f5 56.Ra6+ Kg5 57.Ra8 Ra2
58.Rg8+ Kf6 59.Ra8 Kg6 60.Ra6+ Kg5 61.Ra8 h4 62.Rg8+ Kh5 63.Rh8+ Kg6 64.Rxh4 Rb2
65.Rh8 a2 66.Ra8 Kf6 67.Ra3 Ke5 68.g4 f4 69.exf4+ Kxf4 70.Ra4 Rc2 71.g5 Kxg5
72.Kg3 Kf5 73.Ra5+ Ke6 74.Kf4 Re2 75.f3 e3 76.Ke4 Kd6 77.Kd3 Rh2 78.Kxe3 Kc6
79.Kd3 Kb6 80.Ra8 Kb5 81.Kc3 Rf2 82.Kb3 Rxf3+  1/2-1/2

[Event "BL2-O9293"]
[Site "Germany"]
[Date "1993.??.??"]
[Round "?"]
[White "Schoene, Ralf"]
[Black "Hiebel, Johannes"]
[Result "1/2-1/2"]
[WhiteElo "2330"]
[BlackElo "2315"]

1.d4 Nf6 2.c4 e6 3.Nc3 Bb4 4.Nf3 b6 5.e3 Bb7 6.Bd3 c5 7.O-O cxd4 8.exd4 O-O
9.a3 Bxc3 10.bxc3 d5 11.cxd5 exd5 12.Bg5 Nbd7 13.Rc1 Qc7 14.Bh4 Qd6 15.a4 Ne4
16.Bg3 Qe6 17.Re1 Rfe8 18.Ng5 Qe7 19.Nxe4 dxe4 20.f3 f5 21.Qb3+ Kh8 22.fxe4 Bxe4
23.Bxe4 fxe4 24.Rc2 Nf6 25.Rce2 Qb7 26.Be5 Rac8 27.Rf2 Qd5 28.Qxd5 Nxd5 29.Rxe4 Kg8
30.Rg4 Re7 31.h4 Rxc3 32.Re4 h6 33.Ree2 Rc4 34.Rc2 Ne3 35.Rxc4 Nxc4 36.Bb8 Rd7
37.d5 Rxd5 38.Bxa7 Ra5 39.Bb8 Rxa4 40.g3 Ra8 41.Bf4 Ra7 42.Kg2 b5 43.Re2 Kf7
44.Kf3 Rb7 45.Rc2 Na3 46.Rb2 Ke6 47.Re2+ Kf7 48.Rb2 b4 49.Rb3 Nc4 50.Ke4 Na5
51.Rf3 Ke6 52.Rf1 b3 53.Kd3 b2 54.Rb1 Kf5 55.Bd2 Nc6 56.Bc3 Kg4 57.Rxb2 Rxb2
58.Bxb2 g6 59.Bc1 h5 60.Bf4 Kf3  1/2-1/2

[Event "BL2-W9293"]
[Site "Germany"]
[Date "1993.??.??"]
[Round "?"]
[White "Schmitzer, Klaus"]
[Black "Gerusel, Mathias"]
[Result "1/2-1/2"]
[WhiteElo "2320"]
[BlackElo "2345"]

1.d4 Nf6 2.c4 e6 3.Nc3 Bb4 4.Nf3 c5 5.g3 Ne4 6.Qd3 Qa5 7.Qxe4 Bxc3+ 8.Bd2 Bxd2+
9.Nxd2 Nc6 10.d5 Nd4 11.Kd1 d6 12.e3 Nf5 13.Bd3 e5 14.Kc2 Ne7 15.Rhb1 f5
16.Qh1 Bd7 17.b3 a6 18.a3 Qc7 19.Kb2 b5 20.Rc1 Rb8 21.Ka2 e4 22.Be2 O-O 23.Rc2 bxc4
24.Bxc4 a5 25.Rb1 Ng6 26.Be2  1/2-1/2

[Event "Oberliga Nord O9394"]
[Site "Germany"]
[Date "1993.??.??"]
[Round "?"]
[White "Schoene, Ralf"]
[Black "Feick, Stefan"]
[Result "1-0"]
[WhiteElo "2350"]
[BlackElo "2230"]

1.d4 Nf6 2.c4 e6 3.Nc3 Bb4 4.Nf3 d5 5.Qa4+ Nc6 6.Ne5 Bd7 7.Nxd7 Qxd7 8.a3 Bxc3+
9.bxc3 O-O 10.e3 a6 11.Be2 b5 12.cxb5 axb5 13.Qxb5 Rfb8 14.Qd3 Na5 15.O-O Qc6
16.f3 Rb3 17.Bd2 Nc4 18.Be1 Raxa3 19.Rxa3 Nxa3 20.Bd1 Rb1 21.Bd2 Qb7 22.Be2 Rb3
23.Ra1 Nc4 24.Bd1 Nb2 25.Qc2 Nc4 26.Qxb3  1-0

[Event "Harkany op"]
[Site "Harkany"]
[Date "1993.??.??"]
[Round "2"]
[White "Zdjelar, Dusan"]
[Black "Anka, Emil"]
[Result "0-1"]
[WhiteElo "2185"]
[BlackElo "2395"]

1.d4 Nf6 2.c4 e6 3.Nc3 Bb4 4.Nf3 O-O 5.Bg5 h6 6.Bh4 c5 7.Bxf6 Qxf6 8.a3 Bxc3+
9.bxc3 b6 10.Rc1 d6 11.e3 Nc6 12.Be2 Ba6 13.O-O Na5 14.Nd2 Rac8 15.Bd3 d5
16.Qe2 Bxc4 17.Nxc4 Nxc4 18.Bxc4 dxc4 19.Qxc4 cxd4 20.Qxd4 Qe7 21.Qb4 Rc5
22.Rfd1 Rfc8 23.Rd3 Qc7 24.h3 Rc4 25.Qb5 Rc5 26.Qb4 Qc6 27.Rcd1 Rxc3 28.Rxc3 Qxc3
29.Rd8+ Kh7 30.Rxc8 Qxc8 31.Qe7 a5 32.Qxf7 b5 33.Qe7 Qc4 34.h4 b4 35.axb4 axb4
36.f3 b3 37.e4 b2 38.Qb7 Qc1+  0-1

[Event "Harkany op"]
[Site "Harkany"]
[Date "1993.??.??"]
[Round "7"]
[White "Wells, Peter K"]
[Black "Eismont, Oleg"]
[Result "1-0"]
[WhiteElo "2455"]
[BlackElo "2440"]

1.d4 Nf6 2.c4 e6 3.Nc3 Bb4 4.Nf3 b6 5.Qb3 c5 6.a3 Ba5 7.Bg5 Bb7 8.dxc5 Bxc3+
9.Qxc3 bxc5 10.Nd2 O-O 11.O-O-O h6 12.h4 d6 13.Bxf6 Qxf6 14.Qxf6 gxf6 15.Nb3 Rd8
16.Nxc5 Bc6 17.Rh3 Kf8 18.Rhd3 Ke7 19.b4 a6 20.Kb2 Nd7 21.Nxd7 Rxd7 22.e3 Ba4
23.Rc1 a5 24.c5 axb4 25.axb4 Bc6 26.g3 Rb8 27.cxd6+ Rxd6 28.Rxd6 Kxd6 29.Kb3 Rc8
30.Bc4 Bd5 31.Rc2 Bf3 32.Rd2+ Kc6 33.b5+ Kc5 34.Bxe6 Ra8 35.Bxf7 Ra1 36.Kb2 Rf1
37.Rc2+ Kb4 38.b6  1-0

[Event "Heraklio op"]
[Site "Heraklio"]
[Date "1993.??.??"]
[Round "3"]
[White "Wunsch, Rainer"]
[Black "Milov, Vadim"]
[Result "0-1"]
[WhiteElo "2295"]
[BlackElo "2500"]

1.d4 Nf6 2.c4 e6 3.Nc3 Bb4 4.Nf3 c5 5.d5 Ne4 6.Bd2 Bxc3 7.bxc3 d6 8.g3 O-O
9.Bg2 Nxd2 10.Nxd2 e5 11.O-O f5 12.a4 Nd7 13.a5 Nf6 14.e3 Bd7 15.Ra2 Rc8
16.Qb1 Rc7 17.f3 Qe8 18.Re1 g5 19.f4 e4 20.fxg5 Ng4 21.Qd1 Qg6 22.h4 h6 23.gxh6 Ne5
24.Nf1 Nxc4 25.Qe2 Ne5 26.c4 Qxh6 27.Rc1 Be8 28.Rc3 Bh5 29.Qf2 Rg7 30.Nh2 Qf6
31.Nf1 Kh8  0-1

[Event "Herzliya"]
[Site "Herzliya"]
[Date "1993.??.??"]
[Round "10"]
[White "Slutzky, Leonid"]
[Black "Boensch, Uwe"]
[Result "1/2-1/2"]
[WhiteElo "2230"]
[BlackElo "2525"]

1.d4 Nf6 2.c4 e6 3.Nf3 Bb4+ 4.Nc3 c5 5.e3 d6 6.Bd2 Nc6 7.Qc2 O-O 8.Bd3 e5
9.dxe5 dxe5 10.O-O h6 11.a3 Bxc3 12.Bxc3 Qe7 13.Nd2 Be6 14.b3 Rad8 15.Ne4 Ne8
16.Ng3 Nd6 17.Rad1 f5 18.Rfe1 Qf7 19.f4 b5 20.Bxe5 Nxe5 21.fxe5 Nc8 22.Rc1 Nb6
23.Rf1 bxc4 24.bxc4 g6 25.Rfd1 Qc7 26.Qc3 Nd7 27.Ne2 Qxe5 28.Qxe5 Nxe5 29.Nf4 Bf7
30.Nd5 Kg7 31.Be2 Rb8 32.Rb1 Rfd8 33.Kf2 h5 34.h4 Kh6 35.g3 g5 36.Ne7 gxh4
37.Nxf5+ Kg5 38.Nxh4 Ng4+ 39.Bxg4 hxg4 40.Rxb8 Rxb8 41.Rd2 Rb3 42.Rd7 Rb2+
43.Ke1 Bxc4 44.Rc7 Bd3 45.Rxc5+ Kf6 46.Rd5 Be4 47.Ra5 Rb1+ 48.Kf2 Rb2+ 49.Ke1 Rb1+  1/2-1/2

[Event "HUN-chT2"]
[Site "HUN"]
[Date "1993.??.??"]
[Round "?"]
[White "Pasztor, Ferenc"]
[Black "Paksa, Rudolf"]
[Result "1-0"]
[WhiteElo "2190"]
[BlackElo "2255"]

1.d4 Nf6 2.c4 e6 3.Nc3 Bb4 4.Nf3 c5 5.g3 Bxc3+ 6.bxc3 d5 7.e3 O-O 8.Bd3 Nbd7
9.O-O Qc7 10.cxd5 exd5 11.a4 Re8 12.Ba3 b6 13.Qc2 Ne4 14.c4 Bb7 15.cxd5 Bxd5
16.dxc5 bxc5 17.Nd2 Nxd2 18.Qxd2 Be4 19.Bb5 Bc6 20.Rfd1 Bxb5 21.axb5 Nb6
22.Qd6 Rac8 23.Rac1 c4 24.Qxc7 Rxc7 25.Kf1 h6 26.Ke2 Re4 27.Rd8+ Kh7 28.f3 Re6
29.Bd6 Rb7 30.Bc5 Re5 31.Bxb6 axb6 32.Rxc4 Rxb5 33.h4 Rb3 34.h5 Rb5 35.g4 Rb2+
36.Kd3 g6 37.Rcc8 Kg7 38.Rg8+ Kf6 39.Rc6+ Ke7 40.hxg6 Rd7+ 41.Kc3 Rdd2 42.Rc7+ Kd6
43.Rxf7 Kc6 44.Rc8+ Kb5 45.Rf5+ Ka6 46.Ra8+ Kb7 47.Ra3 Kc6 48.g7 b5 49.g8=Q b4+
50.Kc4 bxa3 51.Qe6+  1-0

[Event "HUN-chT2"]
[Site "HUN"]
[Date "1993.??.??"]
[Round "?"]
[White "Pasztor, Ferenc"]
[Black "Bauer, Tamas"]
[Result "1-0"]
[WhiteElo "2190"]
[BlackElo "2335"]

1.d4 Nf6 2.c4 e6 3.Nc3 Bb4 4.Nf3 b6 5.Bg5 Bb7 6.e3 h6 7.Bh4 O-O 8.Bd3 d5
9.cxd5 exd5 10.Rc1 Nbd7 11.O-O a6 12.Ne5 Be7 13.Bf5 Re8 14.Bg3 Nf8 15.a3 g6
16.Bh3 Bd6 17.Ne2 Ne4 18.Nc6 Bxc6 19.Rxc6 Nxg3 20.hxg3 Nh7 21.Qb3 Nf6 22.Rfc1 Ne4
23.Qxd5 Nxf2 24.Rf1 Nxh3+ 25.gxh3 Rf8 26.e4 Kg7 27.e5 Be7 28.Nf4 Qc8 29.Qe4 Bg5
30.Kg2 Bxf4 31.Qxf4 Qd7 32.Qf6+ Kh7 33.Rf4 Rae8 34.h4 h5 35.g4 Qe7 36.gxh5 Qxf6
37.Rfxf6 gxh5 38.Rxc7 Rg8+ 39.Kf3 Rg4 40.Rcxf7+ Kg8 41.Rd7 Rxh4 42.Rg6+ Kh8
43.Rxb6 Rf8+ 44.Ke3 Rh1 45.Rxa6 h4 46.Rh6+ Kg8 47.Rdh7  1-0

[Event "HUN-chT"]
[Site "HUN"]
[Date "1993.??.??"]
[Round "?"]
[White "Emodi, Barnabas"]
[Black "Foldi, Istvan"]
[Result "1-0"]
[WhiteElo "2220"]
[BlackElo "2320"]

1.d4 Nf6 2.c4 e6 3.Nf3 Bb4+ 4.Nc3 O-O 5.Bg5 h6 6.Bh4 d6 7.Qc2 Nbd7 8.O-O-O Bxc3
9.Qxc3 g5 10.Bg3 Ne4 11.Qc2 f5 12.e3 Ndf6 13.Bd3 Qe7 14.h4 Nxg3 15.fxg3 g4
16.Ng1 Nh5 17.Ne2 e5 18.Qd2 e4 19.Bc2 Bd7 20.Rhf1 b5 21.Bb3 Kh7 22.Kb1 a5
23.a3 a4 24.Ba2 bxc4 25.Bxc4 Rab8 26.Rc1 Rb6 27.Rc2 Rfb8 28.Qa5 c5 29.dxc5 dxc5
30.Rd1 Be8 31.Qc3 Bb5 32.Bxb5 Rxb5 33.Rcd2 R8b7 34.Qc4 Rb3 35.Nc3 Nf6 36.Nxa4 Rxe3
37.Qxc5 Qxc5 38.Nxc5 Rb5 39.Nd7 Nh5 40.Nf8+ Kg7 41.Ne6+ Kf6 42.Rd6 Kf7 43.Rd7+ Kg8
44.Rd8+ Kf7 45.R1d7+ Kg6  1-0

[Event "HUN-chT"]
[Site "HUN"]
[Date "1993.??.??"]
[Round "?"]
[White "Somogyi, Istvan"]
[Black "Rabovszky, Gyorgy"]
[Result "1-0"]
[WhiteElo "2295"]
[BlackElo "2210"]

1.d4 Nf6 2.Nf3 e6 3.c4 Bb4+ 4.Nc3 Ne4 5.Qc2 d5 6.e3 Nd7 7.Bd3 f5 8.O-O c6
9.Nd2 Qh4 10.f4 Bd6 11.Nf3 Qe7 12.Bd2 h6 13.Ne5 Bxe5 14.fxe5 b6 15.Rac1 Ba6
16.cxd5 Bxd3 17.Qxd3 cxd5 18.Nxe4 dxe4 19.Qb5 a6 20.Qb3 Kf7 21.Rxf5+ Kg6
22.Rf4 b5 23.Qc2  1-0

[Event "HUN-ch (Women)"]
[Site "HUN"]
[Date "1993.??.??"]
[Round "7"]
[White "Velvart, Peterne"]
[Black "Porubszky Angyalosine, Maria A"]
[Result "1/2-1/2"]
[WhiteElo "2155"]
[BlackElo "2120"]

1.d4 Nf6 2.c4 e6 3.Nc3 Bb4 4.Nf3 b6 5.Bg5 Bb7 6.e3 h6 7.Bh4 g5 8.Bg3 Ne4
9.Qc2 Bxc3+ 10.bxc3 d6 11.Bd3 Nxg3 12.hxg3 Nd7 13.e4 Qf6 14.Qa4 Ke7 15.O-O h5
16.Rfe1 h4 17.c5 dxc5 18.Bb5 c6 19.e5 Qh6 20.Bxc6 Bxc6 21.Qxc6 h3 22.gxh3 Qxh3
23.Nxg5 Qh2+ 24.Kf1 cxd4 25.cxd4 Rac8 26.Qe4 Rc4 27.Nf3 Qh3+ 28.Ke2 Rhc8
29.Nd2 f5 30.Qf4 Rc2 31.Rh1 Qg4+ 32.Qxg4 fxg4 33.Rh7+ Kd8 34.Kd1 R2c6 35.Rg7 Kc7
36.Rc1 Rxc1+ 37.Kxc1 Kc6 38.Kc2 b5 39.Kd3 a5 40.Rxg4 Kd5 41.Rg7 Rc7 42.Ne4 Nxe5+
43.dxe5 Rxg7 44.f4 b4 45.g4 a4 46.g5 Rc7 47.Nf6+ Kc5 48.Ne4+ Kb6 49.g6 Rg7
50.Kc4 Ka5 51.Nc5 Rxg6 52.Nb7+ Kb6 53.Nc5 Ka5 54.Nb7+ Kb6 55.Nc5 Ka5  1/2-1/2

[Event "Isle of Man op"]
[Site "Isle of Man"]
[Date "1993.??.??"]
[Round "?"]
[White "Rossiter, Philip J"]
[Black "Arkell, Keith C"]
[Result "0-1"]
[WhiteElo "2270"]
[BlackElo "2455"]

1.d4 Nf6 2.c4 e6 3.Nc3 Bb4 4.Nf3 c5 5.g3 Ne4 6.Qd3 cxd4 7.Nxd4 Qa5 8.Nb3 Nxc3
9.Bd2 Ne4 10.Qxe4 Bxd2+ 11.Nxd2 O-O 12.Bg2 Nc6 13.Qd3 Qe5 14.Rb1 Nb4 15.Qc3 Qxc3
16.bxc3 Na6 17.O-O Rb8 18.Rfd1 b6 19.Nb3 Rd8 20.Rd6 Kf8 21.Rbd1 Ke7 22.Bc6 Nc5
23.Bb5 Ne4 24.R6d3 a6 25.Bc6 Nxc3 26.Rxc3 dxc6 27.Rxd8 Kxd8 28.c5 bxc5 29.Rxc5 Kc7
30.f4 Rb5 31.Rc3 e5 32.fxe5 Rxe5 33.Kf2 Bg4 34.Nd4 c5 35.Nf3 Rd5 36.e4 Rh5
37.h4 f6 38.Nd2 Be6 39.a3 Kc6 40.Ke3 g5 41.hxg5 Rxg5 42.Kf4 Rg4+ 43.Kf3 Rg7
44.Rc1 Rb7 45.Ke3 f5 46.Rh1 Rg7 47.Kf4 fxe4 48.Rh6 Kd5 49.Rh4 Kd4 50.Nxe4 c4
51.Nf2 Bd5 52.Kf5+ Kc5 53.Ng4 c3 54.Ne5 Rxg3 55.Rxh7 Kd4 56.Rh4+ Ke3 57.Ng4+ Ke2
58.Rh2+ Bg2 59.Kf4 Rf3+ 60.Ke5 Kf1 61.Rh7 Ke1 62.Rc7 Kd2 63.Nf6 Rd3 64.Rb7 Bf3  0-1

[Event "London SCCU op"]
[Site "London"]
[Date "1993.??.??"]
[Round "1"]
[White "Harakis, Alexis"]
[Black "Stanton, William"]
[Result "1/2-1/2"]
[WhiteElo "2280"]
[BlackElo "2165"]

1.d4 Nf6 2.c4 e6 3.Nc3 Bb4 4.Nf3 O-O 5.Bg5 h6 6.Bh4 d5 7.e3 c5 8.cxd5 exd5
9.Qc2 cxd4 10.Nxd4 Nc6 11.Rd1 Bd7 12.Nxc6 bxc6 13.Be2 Be7 14.O-O Re8 15.Rfe1 Ne4
16.Bxe7 Qxe7 17.Nxe4 Qxe4 18.Bd3 Qh4 19.e4 Rad8 20.g3 Qh5 21.exd5 Rxe1+ 22.Rxe1 Qxd5
23.Bc4 Qg5 24.Qb3 Qf6 25.Re4 g5 26.h4 Bf5 27.hxg5 hxg5 28.Re3 Bg4 29.Bd3 Be6
30.Qb4 Kg7 31.Qe4 Rh8 32.Qxc6 Qxb2 33.Bf1 Rc8 34.Qd6 Rc1 35.Qe7 Qb5 36.Re2 Bh3
37.Re1 Rxe1 38.Qxe1  1/2-1/2

[Event "Makarska"]
[Site "Makarska"]
[Date "1993.??.??"]
[Round "?"]
[White "Dizdar, Goran"]
[Black "Kovacevic, Vladimir"]
[Result "0-1"]
[WhiteElo "2490"]
[BlackElo "2265"]

1.d4 Nf6 2.c4 e6 3.Nc3 Bb4 4.Nf3 d5 5.cxd5 exd5 6.Bg5 Nbd7 7.e3 O-O 8.Bd3 c5
9.O-O Qa5 10.Qc2 c4 11.Bf5 Re8 12.Nd2 g6 13.Bxd7 Nxd7 14.f3 Nb6 15.h4 Bd7
16.Rae1 Na4 17.Ndb1 Re6 18.e4 Nxc3 19.bxc3 Bf8 20.exd5 Qxd5 21.Rxe6 Qxe6
22.Nd2 f5 23.Qb1 Qd5 24.Re1 Re8 25.Rxe8 Bxe8 26.Qe1 Bf7 27.Be7 Bh6 28.Bg5 Bg7
29.Qg3 h6 30.Qb8+ Kh7 31.Bf4 Qa5 32.Nb1 Qb6 33.Nd2 Qb2 34.Nf1 Qxc3 35.Be5 Qa5
36.Qxb7 Bxe5 37.dxe5 Qb6+ 38.Qxb6 axb6 39.Ne3 c3 40.Kf2 f4 41.Nc2 Bxa2 42.g3 fxg3+
43.Kxg3 Bb3 44.Nd4 Ba4 45.Kf4 c2 46.Ne2 Bb5 47.Nc1 Kg7 48.Ke4 Kf7 49.Kd5 g5
50.hxg5 hxg5 51.e6+ Ke7 52.Ke5 Bc4 53.Kf5 b5 54.Ke5 b4 55.Kd4 b3 56.Kc3 Kxe6  0-1

[Event "Miraflores"]
[Site "Miraflores"]
[Date "1993.??.??"]
[Round "2"]
[White "Pesantes Carbajal, Carlos"]
[Black "Aguilar, Juan"]
[Result "1-0"]
[WhiteElo "2335"]
[BlackElo "2315"]

1.d4 Nf6 2.c4 e6 3.Nc3 Bb4 4.Nf3 c5 5.e3 O-O 6.Bd3 Nc6 7.O-O Bxc3 8.bxc3 d6
9.Ne1 e5 10.f4 e4 11.Be2 b6 12.Nc2 Ba6 13.Bd2 Na5 14.Na3 d5 15.cxd5 c4 16.Qa4 Qxd5
17.Nc2 Bb5 18.Qa3 Bd7 19.h3 Rfc8 20.Be1 Qc6 21.f5 Qa4 22.Qc1 Nb7 23.Nb4 Qa5
24.Bh4 Nd5 25.Nxd5 Qxd5 26.f6 g6 27.Qe1 Nd6 28.Bg3 b5 29.Be5 a5 30.Qh4 Ne8
31.Rf4 Ra6 32.Raf1 b4 33.Qh6 Rcc6 34.h4 bxc3 35.h5 Nxf6 36.hxg6 fxg6 37.Rxf6 Rxf6
38.Rxf6  1-0

[Event "Mlada Boleslav op"]
[Site "Mlada Boleslav"]
[Date "1993.??.??"]
[Round "?"]
[White "Lanchava, Tea"]
[Black "Lechtynsky, Jiri"]
[Result "1/2-1/2"]
[WhiteElo "2165"]
[BlackElo "2405"]

1.d4 Nf6 2.c4 e6 3.Nc3 Bb4 4.Nf3 d5 5.cxd5 exd5 6.Bg5 Nbd7 7.e3 c5 8.dxc5 Qa5
9.Bxf6 Nxf6 10.Rc1 Bxc3+ 11.bxc3 O-O 12.Qb3 Qxc5 13.Bd3 b6 14.O-O  1/2-1/2